Trappist beers around the world - Statistics

General Stats
  • This quiz has been taken 30 times
  • The average score is 5 of 11
Answer Stats
Country Answer % Correct
Belgium Chimay
76%
Belgium Westmalle
66%
Netherlands La Trappe
62%
Belgium Westvleteren
59%
Belgium Rochefort
55%
Belgium Orval
52%
Belgium Achel
34%
Netherlands Zundert
34%
USA Spencer
31%
Italy Tre Fontane
17%
Austria Engelszell
14%
No matching quizzes found
Score Distribution
Percent of People with Each Score
Percentile by Number Answered
Your Score History
You have not taken this quiz